Fahren unter Alkohol in Deutschland: 72 Tabellen
| Beteiligte: | ; |
|---|---|
| Medienart: | Druck Buch |
| Sprache: | Deutsch |
| Veröffentlicht: |
Stuttgart [u.a.]
G. Fischer
1998
|
| In: | Jahr: 1998 |
| Ausgabe: | 1. Aufl. |
| Online-Zugang: |
Inhaltsverzeichnis Inhaltsverzeichnis |
| Bestand in Tübingen: | In Tübingen vorhanden. IFK: C XII 255 |
| Verfügbarkeit prüfen: | HBZ Gateway |
| Subito Bestelldienst: | Jetzt bestellen. |
| Bände / Aufsätze: | Bände / Aufsätze anzeigen. |
| Schlagwörter: |
MARC
| LEADER | 00000cam a2200000 c 4500 | ||
|---|---|---|---|
| 001 | 242305482 | ||
| 003 | DE-627 | ||
| 005 | 20260206202640.0 | ||
| 007 | tu | ||
| 008 | 980403s1998 gw ||||| 00| ||ger c | ||
| 015 | |a 98,N16,0395 |2 dnb | ||
| 015 | |a 98,A34,0647 |2 dnb | ||
| 016 | 7 | |a 952985470 |2 DE-101 | |
| 020 | |a 3437214969 |c : DM 84.00, sfr 76.00, S 613.00 (kart.) |9 3-437-21496-9 | ||
| 035 | |a (DE-627)242305482 | ||
| 035 | |a (DE-603)056663420 | ||
| 035 | |a (DE-576)065583906 | ||
| 035 | |a (DE-599)GBV242305482 | ||
| 035 | |a (OCoLC)260047398 | ||
| 035 | |a (OCoLC)260047398 | ||
| 040 | |a DE-627 |b ger |c DE-627 |e rakwb | ||
| 041 | |a ger | ||
| 044 | |c XA-DE | ||
| 050 | 0 | |a HE5620.D7 | |
| 084 | |a 19 |a 33 |a 41 |2 sdnb | ||
| 084 | |a 33 |a 41 |2 sdnb | ||
| 084 | |a XE 5500 |2 rvk |0 (DE-625)rvk/152646:12905 | ||
| 084 | |a CW 7000 |2 rvk |0 (DE-625)rvk/19203: | ||
| 084 | |a PH 8920 |2 rvk |0 (DE-625)rvk/136526: | ||
| 084 | |a ZO 4870 |2 rvk |0 (DE-625)rvk/157747: | ||
| 084 | |a 44.71 |2 bkl | ||
| 084 | |a 71.66 |2 bkl | ||
| 245 | 0 | 0 | |a Fahren unter Alkohol in Deutschland |b 72 Tabellen |c hrsg. von Hans-Peter Krüger. Mit Beitr. von Wolfgang Giebe ... |
| 250 | |a 1. Aufl. | ||
| 263 | |a kart. : DM 84.00, sfr 76.00, S 613.00 | ||
| 264 | 1 | |a Stuttgart [u.a.] |b G. Fischer |c 1998 | |
| 300 | |a XIV, 260 S. |b graph. Darst. |c 24 cm | ||
| 336 | |a Text |b txt |2 rdacontent | ||
| 337 | |a ohne Hilfsmittel zu benutzen |b n |2 rdamedia | ||
| 338 | |a Band |b nc |2 rdacarrier | ||
| 500 | |a Literaturangaben | ||
| 583 | 1 | |a Archivierung/Langzeitarchivierung gewährleistet |f PEBW |x XA-DE-BW |2 pdager |5 DE-24 | |
| 583 | 1 | |a Archivierung prüfen |c 20240324 |f DE-4165 |z 1 |2 pdager | |
| 583 | 1 | |a Archivierung/Langzeitarchivierung gewährleistet |c 20250619 |f FID |f DE-2298 |x XA-DE-NI |z FID Pharmazie |2 pdager |5 DE-84 | |
| 650 | 0 | |a Drunk Driving |x Germany | |
| 650 | 0 | |a Drinking and traffic accidents |x Germany | |
| 650 | 0 | 7 | |0 (DE-588)4187838-3 |0 (DE-627)105269158 |0 (DE-576)210048557 |a Verkehrsteilnehmer |2 gnd |
| 650 | 0 | 7 | |0 (DE-588)4001223-2 |0 (DE-627)104746750 |0 (DE-576)20884175X |a Alkoholkonsum |2 gnd |
| 650 | 0 | 7 | |0 (DE-588)4033181-7 |0 (DE-627)106258575 |0 (DE-576)20900052X |a Kriminalpolitik |2 gnd |
| 655 | 7 | |a Aufsatzsammlung |0 (DE-588)4143413-4 |0 (DE-627)105605727 |0 (DE-576)209726091 |2 gnd-content | |
| 689 | 0 | 0 | |d s |0 (DE-588)4187838-3 |0 (DE-627)105269158 |0 (DE-576)210048557 |a Verkehrsteilnehmer |2 gnd |
| 689 | 0 | 1 | |d s |0 (DE-588)4001223-2 |0 (DE-627)104746750 |0 (DE-576)20884175X |a Alkoholkonsum |2 gnd |
| 689 | 0 | 2 | |d s |0 (DE-588)4033181-7 |0 (DE-627)106258575 |0 (DE-576)20900052X |a Kriminalpolitik |2 gnd |
| 689 | 0 | |5 DE-101 | |
| 700 | 1 | |a Krüger, Hans-Peter |d 1945-2012 |e Hrsg. |0 (DE-588)118166360 |0 (DE-627)07928230X |0 (DE-576)291748511 |4 edt | |
| 700 | 1 | |a Giebe, Wolfgang |4 oth | |
| 856 | 4 | 2 | |u http://www.gbv.de/dms/hbz/toc/ht008820173.pdf |m V:DE-605 |q pdf/application |v 2008-11-15 |x Verlag |y Inhaltsverzeichnis |3 Inhaltsverzeichnis |7 1 |
| 856 | 4 | 2 | |u http://scans.hebis.de/HEBCGI/show.pl?05666342_toc.pdf |m V:DE-605 |q application/pdf |3 Inhaltsverzeichnis |7 1 |
| 935 | |i Blocktest | ||
| 936 | r | v | |a XE 5500 |b Allgemeines |k Medizin |k Hygiene |k Gesundheitsfürsorge insgesamt |k Verkehrsmedizin |k Allgemeines |0 (DE-627)1271505045 |0 (DE-625)rvk/152646:12905 |0 (DE-576)201505045 |
| 936 | r | v | |a CW 7000 |b Verkehrspsychologie |k Psychologie |k Angewandte Psychologie |k Andere Gebiete der angewandten Psychologie |k Verkehrspsychologie |0 (DE-627)1271070707 |0 (DE-625)rvk/19203: |0 (DE-576)201070707 |
| 936 | r | v | |a PH 8920 |b Verkehrskriminalität |k Rechtswissenschaft |k Strafrecht, Strafverfahrensrecht, Kriminologie |k Kriminologie |k Einzelne Deliktsgruppen |k Weitere Deliktsgruppen |k Verkehrskriminalität |0 (DE-627)1272237958 |0 (DE-625)rvk/136526: |0 (DE-576)202237958 |
| 936 | r | v | |a ZO 4870 |b Straßenverkehrssicherheit; Technischer Überwachungsverein (TÜV) |k Technik |k Verkehr, Transport |k Straßenverkehr |k Straßenverkehrssicherheit; Technischer Überwachungsverein (TÜV) |0 (DE-627)1271473291 |0 (DE-625)rvk/157747: |0 (DE-576)201473291 |
| 936 | b | k | |a 44.71 |j Verkehrsmedizin |0 (DE-627)106409492 |
| 936 | b | k | |a 71.66 |j Sucht als soziales Problem |0 (DE-627)106412256 |
| 936 | s | n | |a z260 |2 mzub |
| 936 | s | n | |a w200 |2 mzub |
| 951 | |a BO | ||
| ELC | |b 1 | ||
| LOK | |0 000 xxxxxcx a22 zn 4500 | ||
| LOK | |0 001 3245105681 | ||
| LOK | |0 003 DE-627 | ||
| LOK | |0 004 242305482 | ||
| LOK | |0 005 19981215000000 | ||
| LOK | |0 008 981111||||||||||||||||ger||||||| | ||
| LOK | |0 040 |a DE-21-110 |c DE-627 |d DE-21-110 | ||
| LOK | |0 852 |a DE-21-110 | ||
| LOK | |0 852 1 |c C XII 255 |m p |9 00 | ||
| LOK | |0 935 |a k110 | ||
| LOK | |0 936ln |a 10.5 | ||
| LOK | |0 938 |k p | ||
| LOK | |0 939 |a 11-11-98 |b l01 | ||
| ORI | |a SA-MARC-krimdoka001.raw | ||
| SIG | |a IFK: C XII 255 | ||
| SPR | |a 1 |t KRI | ||
